000 00324nam a2200133Ia 4500
008 210312s9999||||xx |||||||||||||| ||und||
041 _aosm
050 _aPL248
050 _bK47.D58
100 _aKesriyeli Mehmed Sıdkı
245 0 _aDîvançe-i Şinâver
260 _c1330
650 _aEdebiyat--Türk edebiyatı--Şiir
999 _c21995
_d21995